| 000 | 00533nam a2200217 454500 | ||
|---|---|---|---|
| 001 | 081926 | ||
| 003 | BD-ChCU | ||
| 008 | Eng | ||
| 020 | _ax | ||
| 040 |
_aDLC _cDLC _dBD-ChCU |
||
| 082 | 0 | 0 | _a574.04/MOF |
| 100 | 1 |
_aMoment,Gairdner B. _bx |
|
| 245 | 1 | 0 |
_aFrontiers of modern theory _bTwenty lectures originally broadcast over the voice of america |
| 250 | _ax | ||
| 260 |
_aBoston, _bHoughton Mifflin, _c1962 |
||
| 300 | _axv,192p. | ||
| 504 | _a | ||
| 650 | 0 |
_aBiology, _bBiology, |
|
| 700 | 1 | _ax | |
| 942 |
_2ddc _cBK |
||
| 999 |
_c81926 _d81926 |
||